Nick Hornby Novels Quiz Stats

 Plays Quiz Updated Aug 19, 2013

Also try: First Novels
Challenge
Share
Tweet
Embed
Score 0/6 Timer 02:00
0 Plays Today
Year published Novels % Correct
1995High Fidelity
85.7%
1998About A Boy
83.5%
2005A Long Way Down
44.5%
2009Juliet, Naked
36.6%
2001How To Be Good
36%
2007Slam
31.8%

You're not logged in!

Compare scores with friends on all Sporcle quizzes.
OR
Log In

You Might Also Like...

Show Comments

Extras

Top Quizzes Today


Score Distribution

Your Account Isn't Verified!

In order to create a playlist on Sporcle, you need to verify the email address you used during registration. Go to your Sporcle Settings to finish the process.

Report this User

Report this user for behavior that violates our Community Guidelines.

Details: